| 000 -LEADER |
| fixed length control field |
01235nam a2200265Ia 4500 |
| 001 - CONTROL NUMBER |
| control field |
18143 |
| 003 - CONTROL NUMBER IDENTIFIER |
| control field |
GE_BSU |
| 008 - FIXED-LENGTH DATA ELEMENTS--GENERAL INFORMATION |
| fixed length control field |
181216s||||||||xx |||||||||||||| ||und|| |
| 020 ## - INTERNATIONAL STANDARD BOOK NUMBER |
| International Standard Book Number |
9789994061396 |
| 040 ## - CATALOGING SOURCE |
| Transcribing agency |
GE_BSU |
| 080 ## - UNIVERSAL DECIMAL CLASSIFICATION NUMBER |
| Universal Decimal Classification number |
81'374.823=353.1=353.2=161.1 |
| 100 ## - MAIN ENTRY--PERSONAL NAME |
| Personal name |
ნიჟარაძე, ბესარიონ |
| 245 ## - TITLE STATEMENT |
| Title |
ქართულ-სვანურ-რუსული ლექსიკონი. ბალსზემოური დიალექტი |
| 245 ## - TITLE STATEMENT |
| Statement of responsibility, etc. |
ტექსტი გამოსაც. მოამზადა და წინასიტყვ. დაურთო ლელა ნიჟარაძე. რედ. ზ. ჭუმბურიძე |
| 260 ## - PUBLICATION, DISTRIBUTION, ETC. |
| Place of publication, distribution, etc. |
თბილისი |
| 260 ## - PUBLICATION, DISTRIBUTION, ETC. |
| Name of publisher, distributor, etc. |
უნივერსალი |
| 260 ## - PUBLICATION, DISTRIBUTION, ETC. |
| Date of publication, distribution, etc. |
2007 |
| 300 ## - PHYSICAL DESCRIPTION |
| Extent |
263გვ.24სმ. სურ. |
| 520 ## - SUMMARY, ETC. |
| Summary, etc. |
პარალ.სათ. რუს.ენ. |
| 653 ## - INDEX TERM--UNCONTROLLED |
| Uncontrolled term |
ბალსზემოური დიალექტი |
| 653 ## - INDEX TERM--UNCONTROLLED |
| Uncontrolled term |
ქართული ენა. სვანური ენა. რუსული ენა. |
| 653 ## - INDEX TERM--UNCONTROLLED |
| Uncontrolled term |
ქართულ-სვანურ-რუსული ლექსიკონი |
| 942 ## - ADDED ENTRY ELEMENTS (KOHA) |
| Koha item type |
წიგნი |